Data acquisition and conversion handbook : A technical guide to A/D and D/A converters and their applications
Data acquisition and conversion systems interface between the real world of physical parameters which are analog and the artificial world of digital computation and control.
Guardado en:
| Formato: | Libro |
|---|---|
| Lenguaje: | Undetermined |
| Publicado: |
Mansfield, Mass.
Datel
1980
|
| Materias: | |
| Etiquetas: |
Agregar Etiqueta
Sin Etiquetas, Sea el primero en etiquetar este registro!
|
| Thư viện lưu trữ: | Trung tâm Học liệu Trường Đại học Cần Thơ |
|---|
| LEADER | 00871nam a2200205Ia 4500 | ||
|---|---|---|---|
| 001 | CTU_219759 | ||
| 008 | 210402s9999 xx 000 0 und d | ||
| 082 | |a 006.66 | ||
| 082 | |b D232 | ||
| 245 | 0 | |a Data acquisition and conversion handbook : | |
| 245 | 2 | |b A technical guide to A/D and D/A converters and their applications | |
| 245 | 0 | |c Edited by Eugene L. Zuch | |
| 260 | |a Mansfield, Mass. | ||
| 260 | |b Datel | ||
| 260 | |c 1980 | ||
| 520 | |a Data acquisition and conversion systems interface between the real world of physical parameters which are analog and the artificial world of digital computation and control. | ||
| 650 | |a Kỹ thuật tương tự,Kỹ thuật số,Digital,Analog | ||
| 650 | |x Kỹ thuật số,Kỹ thuật tương tự,Analog,Digital | ||
| 904 | |i Trúc | ||
| 980 | |a Trung tâm Học liệu Trường Đại học Cần Thơ | ||